000 01344nam a2200301 i 4500
001 000011824
003 DO-SdBNP
005 20260321073639.0
007 ta
008 091028s1993 dr 001 0 spa d
040 _aDO-SdBNP
_bspa
_cBNPHU
_erda
041 _aspa
082 4 _aRD863.44
_bB742zG
_222
100 1 _aGerón, Candido,
_d1948-
_eautor
_4aut.
_93577
245 1 0 _aJuan Bosch :
_bvida y obra narrativa /
_cCándido Gerón.
264 1 _aSanto Domingo :
_bAlfa y Omega,
_c1993.
300 _a300 páginas ;
_c23 cm.
336 _atexto
_btxt
_2rdacontent
337 _asin mediación
_bn
_2rdamedia
338 _avolumen
_bnc
_2rdacarrier
505 0 _aJuan Bosch: vida y obra --
_tInfancia y adolescencia --
_tExilio y destino como editor la universidad de Juan Bosch --
_tJuan Bosch y el arte de la memoria --
_tLa Mañosa: una aproximación --
_tMetodología y arquetipos en la cuentística de Juan Bosch --
_tSimbología social y humana en Cuento de Navidad --
_tDavid: biografía de un Rey --
_tJudas iscariote y las profecías --
_tEl oro y la paz.
590 _aInventariado, 2020/MFF
600 1 0 _a Bosch, Juan,
_d1909-2001
_976555
600 1 4 _a Bosch, Juan,
_d1909-2001
_xCrítica e interpretación
_982881
650 4 _aLiteratura dominicana.
_2LEMB
_967
910 _aValidado. Control de calidad MMOLINA
942 _2ddc
_cLBS1
999 _c11498
_d11498